[Event "Capital"]
[Site "?"]
[Date "2015.09.13"]
[Round "5.9"]
[White "Rajabi, Mohsen"]
[Black "Mahdavirad, Mehdi"]
[Result "0-1"]
[BlackElo "2271"]
[WhiteElo "1990"]
[LiveChessVersion "1.4.6"]

1. e4 {[%clk 1:30:49]} c5 {[%clk 1:26:04]} 2. Nf3 {[%clk 1:30:43]} Nc6
{[%clk 1:26:12]} 3. d4 {[%clk 1:30:59]} cxd4 {[%clk 1:26:40]} 4. Nxd4
{[%clk 1:31:21]} e5 {[%clk 1:27:06]} 5. Nb5 {[%clk 1:30:57]} d6 {[%clk 1:27:26]}
6. N1c3 {[%clk 1:29:56]} a6 {[%clk 1:27:54]} 7. Na3 {[%clk 1:30:15]} Be7
{[%clk 1:28:13]} 8. Nd5 {[%clk 1:27:24]} Nf6 {[%clk 1:27:59]} 9. Nxe7
{[%clk 1:26:48]} Qxe7 {[%clk 1:24:32]} 10. Bd3 {[%clk 1:26:29]} h6
{[%clk 1:22:48]} 11. c4 {[%clk 1:25:10]} O-O {[%clk 1:22:07]} 12. Nc2
{[%clk 1:24:43]} Be6 {[%clk 1:20:51]} 13. O-O {[%clk 1:24:28]} Rfc8
{[%clk 1:19:06]} 14. b3 {[%clk 1:24:03]} Nd7 {[%clk 1:10:07]} 15. f4
{[%clk 1:17:09]} exf4 {[%clk 1:06:14]} 16. Bxf4 {[%clk 1:17:10]} Nc5
{[%clk 1:01:48]} 17. Ne3 {[%clk 1:15:54]} Ne5 {[%clk 0:59:40]} 18. Bc2
{[%clk 1:04:29]} b5 {[%clk 0:33:40]} 19. Nd5 {[%clk 0:58:28]} Bxd5
{[%clk 0:29:50]} 20. cxd5 {[%clk 0:56:22]} Ng6 {[%clk 0:26:46]} 21. Qf3
{[%clk 0:50:03]} Nxf4 {[%clk 0:25:54]} 22. Qxf4 {[%clk 0:50:12]} Nd7
{[%clk 0:26:23]} 23. Rf2 {[%clk 0:47:34]} Ne5 {[%clk 0:26:33]} 24. h3
{[%clk 0:45:47]} Rc3 {[%clk 0:26:12]} 25. Raf1 {[%clk 0:44:50]} Rac8
{[%clk 0:26:07]} 26. Bd1 {[%clk 0:44:32]} Qg5 {[%clk 0:24:51]} 27. Qxg5
{[%clk 0:42:26]} hxg5 {[%clk 0:25:17]} 28. Bh5 {[%clk 0:42:03]} f6
{[%clk 0:24:27]} 29. Re2 {[%clk 0:38:53]} Kf8 {[%clk 0:23:15]} 30. Rff2
{[%clk 0:33:25]} Ke7 {[%clk 0:23:39]} 31. Kh2 {[%clk 0:31:59]} Kd8
{[%clk 0:23:31]} 32. Rd2 {[%clk 0:30:05]} Kc7 {[%clk 0:20:31]} 33. Bd1
{[%clk 0:27:39]} Kb6 {[%clk 0:20:41]} 34. g3 {[%clk 0:23:28]} Re3
{[%clk 0:19:26]} 35. Rde2 {[%clk 0:22:57]} Rxe2 {[%clk 0:18:18]} 36. Rxe2
{[%clk 0:23:04]} Rc1 {[%clk 0:18:13]} 37. Rd2 {[%clk 0:22:56]} Rc3
{[%clk 0:17:25]} 38. Kg2 {[%clk 0:23:00]} Kc5 {[%clk 0:15:49]} 39. Kf2
{[%clk 0:22:56]} Kb4 {[%clk 0:14:57]} 40. Be2 {[%clk 0:22:09]} Ka3
{[%clk 0:12:23]} 41. h4 {[%clk 0:16:53]} g4 {[%clk 0:09:15]} 42. Bd1
{[%clk 0:15:39]} a5 {[%clk 0:06:09]} 43. h5 {[%clk 0:14:52]} b4 {[%clk 0:04:40]}
44. Be2 {[%clk 0:13:31]} Nf3 {[%clk 0:03:46]} 45. Rd3 {[%clk 0:04:34]} Kxa2
{[%clk 0:03:14]} 46. Ke3 {[%clk 0:04:31]} Rxd3+ {[%clk 0:03:20]} 47. Bxd3
{[%clk 0:04:21]} Kxb3 {[%clk 0:03:42]} 0-1

[Event "Capital"]
[Site "?"]
[Date "2015.09.13"]
[Round "5.10"]
[White "Nasri, Amin"]
[Black "Ansari Now, Keivan"]
[Result "1-0"]
[BlackElo "1923"]
[WhiteElo "2307"]
[LiveChessVersion "1.4.6"]

1. d4 e6 2. g3 Nf6 3. Bg2 d5 4. Nf3 Bd6 5. O-O Nbd7 6. c4 c6 7. Qc2 O-O 8. Rd1
Qe7 9. Nbd2 h6 10. h3 Re8 11. a3 e5 12. cxd5 cxd5 13. dxe5 Nxe5 14. Nd4 Nc6 15.
N2f3 Bc5 16. e3 Bd7 17. b4 Nxd4 18. Nxd4 Bd6 19. Bb2 a6 20. Nf5 Bxf5 21. Qxf5 Be5
22. Bxe5 Qxe5 23. Qxe5 Rxe5 24. Rac1 Kf8 25. Rc7 Re7 26. Rxe7 Kxe7 27. Bxd5 Rd8
28. Bf3 Rxd1+ 29. Bxd1 b6 30. Bf3 Kd6 31. Kf1 a5 32. bxa5 bxa5 33. Ke2 Nd7 34.
Kd2 Kc5 35. Kc3 Nb6 36. Be2 g5 37. e4 Na4+ 38. Kd3 Nb2+ 39. Kc3 Na4+ 40. Kd3 Nb2+
41. Ke3 Nc4+ 42. Bxc4 Kxc4 43. e5 Kb3 44. f4 gxf4+ 45. gxf4 Kxa3 46. f5 1-0

[Event "Capital"]
[Site "?"]
[Date "2015.09.13"]
[Round "6.1"]
[White "Ghaem Maghami, Ehsan"]
[Black "Mosadeghpour, Masoud"]
[Result "1-0"]
[BlackElo "2416"]
[WhiteElo "2596"]
[LiveChessVersion "1.4.6"]

1. Nf3 {[%clk 1:25:53]} Nf6 {[%clk 1:07:06]} 2. c4 {[%clk 1:26:10]} g6
{[%clk 1:07:30]} 3. Nc3 {[%clk 1:26:25]} d5 {[%clk 1:07:54]} 4. cxd5
{[%clk 1:26:37]} Nxd5 {[%clk 1:08:19]} 5. h4 {[%clk 1:26:49]} Nf6
{[%clk 1:05:13]} 6. e4 {[%clk 1:24:47]} c5 {[%clk 1:02:07]} 7. d4
{[%clk 1:10:00]} Bg7 {[%clk 0:51:13]} 8. d5 {[%clk 0:54:47]} O-O {[%clk 0:46:43]}
9. Be2 {[%clk 0:51:18]} Bg4 {[%clk 0:38:37]} 10. e5 {[%clk 0:40:39]} Bxf3
{[%clk 0:23:21]} 11. gxf3 {[%clk 0:39:19]} Ne8 {[%clk 0:21:15]} 12. f4
{[%clk 0:39:32]} e6 {[%clk 0:18:29]} 13. Be3 {[%clk 0:34:23]} exd5
{[%clk 0:14:27]} 14. Bxc5 {[%clk 0:25:11]} Nc7 {[%clk 0:14:44]} 15. Bxf8
{[%clk 0:25:25]} Bxf8 {[%clk 0:15:12]} 16. Bf3 {[%clk 0:24:06]} Bb4
{[%clk 0:11:01]} 17. Qb3 {[%clk 0:21:53]} Nc6 {[%clk 0:10:29]} 18. O-O-O
{[%clk 0:21:55]} Bxc3 {[%clk 0:10:06]} 19. Qxc3 {[%clk 0:21:36]} Nb5
{[%clk 0:10:12]} 20. Qd3 {[%clk 0:15:48]} Qa5 {[%clk 0:06:21]} 21. Kb1
{[%clk 0:15:12]} Nbd4 {[%clk 0:03:17]} 22. a3 {[%clk 0:12:27]} Rd8
{[%clk 0:03:27]} 23. h5 {[%clk 0:12:15]} Ne6 {[%clk 0:02:26]} 24. hxg6
{[%clk 0:11:00]} hxg6 {[%clk 0:02:53]} 25. Bg4 {[%clk 0:10:02]} Nxf4
{[%clk 0:02:26]} 26. Qg3 {[%clk 0:09:52]} Qa4 {[%clk 0:02:47]} 27. Qh4
{[%clk 0:09:28]} Qe4+ {[%clk 0:03:12]} 28. Ka2 {[%clk 0:07:48]} Qxe5
{[%clk 0:03:38]} 29. Bd7 {[%clk 0:05:49]} g5 {[%clk 0:01:42]} 30. Qh7+
{[%clk 0:05:53]} 1-0

[Event "Capital"]
[Site "?"]
[Date "2015.09.13"]
[Round "6.2"]
[White "Noroozi, Omid"]
[Black "Rostami, Rouzbeh"]
[Result "1-0"]
[BlackElo "2075"]
[WhiteElo "2375"]
[LiveChessVersion "1.4.6"]

1. c4 {[%clk 1:29:18]} Nf6 {[%clk 1:30:49]} 2. Nc3 {[%clk 1:29:43]} g6
{[%clk 1:31:07]} 3. e4 {[%clk 1:30:08]} d6 {[%clk 1:31:30]} 4. d4
{[%clk 1:30:30]} Bg7 {[%clk 1:31:56]} 5. Be2 {[%clk 1:30:51]} O-O
{[%clk 1:32:07]} 6. Bg5 {[%clk 1:31:18]} c5 {[%clk 1:29:40]} 7. dxc5
{[%clk 1:31:41]} Qa5 {[%clk 1:30:03]} 8. Bd2 {[%clk 1:32:06]} Qxc5
{[%clk 1:30:13]} 9. Nf3 {[%clk 1:32:32]} Bg4 {[%clk 1:21:42]} 10. Be3
{[%clk 1:32:43]} Qa5 {[%clk 1:21:48]} 11. O-O {[%clk 1:33:05]} Nc6
{[%clk 1:21:50]} 12. a3 {[%clk 1:27:57]} Rfc8 {[%clk 1:20:43]} 13. b4
{[%clk 1:23:40]} Qd8 {[%clk 1:19:08]} 14. Qb3 {[%clk 1:23:33]} h6
{[%clk 1:12:35]} 15. Rfd1 {[%clk 1:15:26]} Qd7 {[%clk 1:08:38]} 16. c5
{[%clk 0:52:15]} Be6 {[%clk 1:05:09]} 17. Qc2 {[%clk 0:45:53]} Ng4
{[%clk 1:04:04]} 18. Bf4 {[%clk 0:44:23]} g5 {[%clk 1:03:28]} 19. Bg3
{[%clk 0:44:33]} Nce5 {[%clk 1:02:23]} 20. Nd4 {[%clk 0:39:37]} Nc4
{[%clk 0:35:17]} 21. Nxe6 {[%clk 0:32:44]} Qxe6 {[%clk 0:35:33]} 22. Qb3
{[%clk 0:32:14]} Nge5 {[%clk 0:34:06]} 23. Nd5 {[%clk 0:27:31]} b5
{[%clk 0:29:11]} 24. cxb6 {[%clk 0:27:31]} Nxb6 {[%clk 0:29:20]} 25. Ba6
{[%clk 0:27:37]} Rc7 {[%clk 0:28:36]} 26. Rac1 {[%clk 0:24:43]} Rxc1
{[%clk 0:26:31]} 27. Rxc1 {[%clk 0:25:12]} Nxd5 {[%clk 0:21:52]} 28. Bb7
{[%clk 0:19:44]} Nf4 {[%clk 0:15:59]} 29. Qxe6 {[%clk 0:20:00]} fxe6
{[%clk 0:16:24]} 30. Bxf4 {[%clk 0:20:11]} Rb8 {[%clk 0:16:29]} 31. Bxe5
{[%clk 0:19:43]} Rxb7 {[%clk 0:14:47]} 32. Bxg7 {[%clk 0:18:15]} Kxg7
{[%clk 0:15:15]} 33. f3 {[%clk 0:18:38]} Kf6 {[%clk 0:15:11]} 34. Kf2
{[%clk 0:19:07]} Ke5 {[%clk 0:15:01]} 35. Ke3 {[%clk 0:19:35]} a5
{[%clk 0:15:25]} 36. Rb1 {[%clk 0:19:57]} axb4 {[%clk 0:13:05]} 37. axb4
{[%clk 0:20:08]} d5 {[%clk 0:13:29]} 38. g3 {[%clk 0:16:08]} Kd6 {[%clk 0:11:13]}
39. f4 {[%clk 0:14:43]} gxf4+ {[%clk 0:11:20]} 40. Kxf4 {[%clk 0:13:48]} d4
{[%clk 0:10:05]} 41. e5+ {[%clk 0:13:27]} Kd5 {[%clk 0:10:26]} 42. b5
{[%clk 0:13:49]} Rb8 {[%clk 0:10:35]} 43. b6 {[%clk 0:09:59]} Rf8+
{[%clk 0:10:42]} 44. Kg4 {[%clk 0:10:27]} Kxe5 {[%clk 0:11:02]} 45. b7
{[%clk 0:10:40]} Rb8 {[%clk 0:11:27]} 46. Kf3 {[%clk 0:11:05]} Kd5
{[%clk 0:11:28]} 47. g4 {[%clk 0:11:19]} e5 {[%clk 0:11:09]} 48. h4
{[%clk 0:09:22]} e4+ {[%clk 0:10:57]} 49. Ke2 {[%clk 0:09:39]} e5
{[%clk 0:08:48]} 50. g5 {[%clk 0:07:30]} hxg5 {[%clk 0:09:12]} 51. hxg5
{[%clk 0:07:53]} e3 {[%clk 0:06:25]} 52. g6 {[%clk 0:08:07]} Ke6 {[%clk 0:05:45]}
53. Rg1 {[%clk 0:03:31]} Rg8 {[%clk 0:05:32]} 54. g7 {[%clk 0:03:49]} Kf7
{[%clk 0:00:37]} 55. Rf1+ {[%clk 0:04:11]} 1-0

[Event "Capital"]
[Site "?"]
[Date "2015.09.13"]
[Round "6.3"]
[White "Sedaghati, Mehrdad"]
[Black "Pourghanbarzad Lashtnesha, Arm"]
[Result "1/2-1/2"]
[BlackElo "2184"]
[WhiteElo "2238"]
[LiveChessVersion "1.4.6"]

1. e4 {[%clk 1:30:52]} e5 {[%clk 1:30:41]} 2. Nf3 {[%clk 1:31:14]} Nc6
{[%clk 1:30:58]} 3. Bb5 {[%clk 1:31:38]} Nf6 {[%clk 1:31:16]} 4. O-O
{[%clk 1:32:01]} Nxe4 {[%clk 1:31:26]} 5. Re1 {[%clk 1:28:11]} Nd6
{[%clk 1:31:05]} 6. Nxe5 {[%clk 1:27:26]} Nxe5 {[%clk 1:30:16]} 7. Rxe5+
{[%clk 1:26:56]} Be7 {[%clk 1:30:24]} 8. Bf1 {[%clk 1:27:10]} O-O
{[%clk 1:29:50]} 9. d4 {[%clk 1:27:31]} Bf6 {[%clk 1:28:46]} 10. Re1
{[%clk 1:27:37]} Nf5 {[%clk 1:27:18]} 11. c3 {[%clk 1:27:32]} d5 {[%clk 1:27:05]}
12. Bf4 {[%clk 1:26:59]} c6 {[%clk 1:23:02]} 13. Nd2 {[%clk 1:26:52]} Be6
{[%clk 1:20:38]} 14. Bd3 {[%clk 1:24:45]} Qd7 {[%clk 1:16:13]} 15. Qc2
{[%clk 1:24:14]} h6 {[%clk 1:15:12]} 16. Be5 {[%clk 1:08:26]} Be7
{[%clk 1:09:46]} 17. Re2 {[%clk 1:08:12]} Rac8 {[%clk 1:03:30]} 18. Nf3
{[%clk 0:51:52]} c5 {[%clk 0:56:44]} 19. dxc5 {[%clk 0:52:00]} Bxc5
{[%clk 0:57:07]} 20. Qd2 {[%clk 0:50:38]} Rfe8 {[%clk 0:54:51]} 21. Rae1
{[%clk 0:45:54]} Ne7 {[%clk 0:47:58]} 22. Bd4 {[%clk 0:41:56]} Bxd4
{[%clk 0:42:38]} 23. Nxd4 {[%clk 0:42:19]} Nc6 {[%clk 0:42:21]} 24. Bb5
{[%clk 0:35:55]} a6 {[%clk 0:33:51]} 25. Ba4 {[%clk 0:30:55]} b5 {[%clk 0:30:22]}
26. Nxc6 {[%clk 0:29:53]} Qxc6 {[%clk 0:29:29]} 27. Bb3 {[%clk 0:29:30]} a5
{[%clk 0:26:51]} 28. a3 {[%clk 0:29:50]} Red8 {[%clk 0:21:06]} 29. Qd3
{[%clk 0:28:00]} Rd6 {[%clk 0:19:41]} 30. Bc2 {[%clk 0:23:14]} g6
{[%clk 0:19:43]} 31. Qe3 {[%clk 0:23:00]} Kh7 {[%clk 0:18:09]} 32. Qf4
{[%clk 0:23:08]} Qd7 {[%clk 0:17:21]} 33. Rd2 {[%clk 0:14:00]} Rc4
{[%clk 0:15:17]} 34. Qg3 {[%clk 0:13:56]} Rg4 {[%clk 0:14:57]} 35. Qe5
{[%clk 0:10:53]} d4 {[%clk 0:12:55]} 36. Be4 {[%clk 0:08:41]} Rg5
{[%clk 0:11:46]} 37. Qf4 {[%clk 0:08:06]} Rg4 {[%clk 0:11:44]} 38. Qe5
{[%clk 0:08:25]} Rg5 {[%clk 0:11:51]} 39. Qf4 {[%clk 0:08:53]} Rg4
{[%clk 0:12:14]} 40. Qf3 {[%clk 0:09:07]} dxc3 {[%clk 0:11:42]} 41. Rxd6
{[%clk 0:09:18]} Qxd6 {[%clk 0:12:08]} 42. Qxc3 {[%clk 0:08:29]} b4
{[%clk 0:11:53]} 43. axb4 {[%clk 0:08:08]} axb4 {[%clk 0:11:31]} 44. Qe3
{[%clk 0:08:03]} Kg7 {[%clk 0:09:42]} 45. Bf3 {[%clk 0:07:29]} Rc4
{[%clk 0:09:41]} 46. Be4 {[%clk 0:06:02]} Qc5 {[%clk 0:09:06]} 47. Qxc5
{[%clk 0:05:28]} Rxc5 {[%clk 0:09:35]} 48. f4 {[%clk 0:05:25]} Kf6
{[%clk 0:09:14]} 49. Kf2 {[%clk 0:02:39]} h5 {[%clk 0:08:49]} 50. g3
{[%clk 0:01:52]} Bf5 {[%clk 0:08:07]} 51. Kf3 {[%clk 0:02:11]} Bxe4+
{[%clk 0:06:55]} 52. Rxe4 {[%clk 0:02:41]} Rc2 {[%clk 0:07:03]} 53. Rxb4
{[%clk 0:03:01]} Rxh2 {[%clk 0:07:27]} 54. Rb7 {[%clk 0:03:00]} Rc2
{[%clk 0:07:22]} 55. b4 {[%clk 0:03:20]} Rc3+ {[%clk 0:07:45]} 56. Kf2
{[%clk 0:03:38]} Rb3 {[%clk 0:08:12]} 57. b5 {[%clk 0:04:01]} Kg7
{[%clk 0:07:55]} 58. b6 {[%clk 0:03:41]} Kf6 {[%clk 0:07:51]} 59. Kg2
{[%clk 0:04:02]} Kg7 {[%clk 0:07:55]} 60. Kh3 {[%clk 0:04:25]} Kh6
{[%clk 0:06:25]} 61. Rb8 {[%clk 0:04:03]} f6 {[%clk 0:06:24]} 62. b7
{[%clk 0:04:19]} Kg7 {[%clk 0:06:48]} 63. Kg2 {[%clk 0:03:37]} g5
{[%clk 0:06:55]} 64. f5 {[%clk 0:03:52]} h4 {[%clk 0:06:44]} 65. g4
{[%clk 0:04:04]} Rb2+ {[%clk 0:07:06]} 66. Kg1 {[%clk 0:04:19]} Rb4
{[%clk 0:07:22]} 67. Kf2 {[%clk 0:04:35]} Rb2+ {[%clk 0:07:47]} 68. Ke1 1/2-1/2

[Event "Capital"]
[Site "?"]
[Date "2015.09.13"]
[Round "6.4"]
[White "Ghaziolsharif, Kaveh"]
[Black "Nasri, Amin"]
[Result "0-1"]
[BlackElo "2307"]
[WhiteElo "2186"]
[LiveChessVersion "1.4.6"]

1. e4 {[%clk 1:30:32]} Nf6 {[%clk 1:30:52]} 2. e5 {[%clk 1:30:25]} Nd5
{[%clk 1:31:19]} 3. d4 {[%clk 1:30:35]} d6 {[%clk 1:31:36]} 4. Nf3
{[%clk 1:30:53]} g6 {[%clk 1:31:59]} 5. Bc4 {[%clk 1:23:53]} Nb6 {[%clk 1:31:30]}
6. Bb3 {[%clk 1:24:12]} Bg7 {[%clk 1:31:53]} 7. Bf4 {[%clk 1:22:24]} O-O
{[%clk 1:31:14]} 8. h3 {[%clk 1:20:01]} Nc6 {[%clk 1:27:20]} 9. exd6
{[%clk 1:01:27]} cxd6 {[%clk 1:27:01]} 10. O-O {[%clk 1:01:39]} Na5
{[%clk 1:24:45]} 11. Nbd2 h6 {[%clk 1:11:17]} 12. Re1 {[%clk 0:53:34]} Nxb3
{[%clk 1:10:30]} 13. axb3 {[%clk 0:53:55]} g5 {[%clk 1:07:41]} 14. Be3
{[%clk 0:48:21]} Nd5 {[%clk 0:57:27]} 15. c3 {[%clk 0:42:15]} Bf5
{[%clk 0:54:27]} 16. Nc4 {[%clk 0:32:13]} b5 {[%clk 0:44:46]} 17. Na5
{[%clk 0:32:16]} Nxe3 {[%clk 0:39:31]} 18. Rxe3 {[%clk 0:32:11]} e6
{[%clk 0:39:47]} 19. Nc6 {[%clk 0:28:27]} Qd7 {[%clk 0:36:10]} 20. Ra6
{[%clk 0:26:34]} Rfc8 {[%clk 0:28:13]} 21. Nb4 {[%clk 0:26:17]} Bf6
{[%clk 0:26:05]} 22. d5 {[%clk 0:16:46]} e5 {[%clk 0:26:09]} 23. Nd2
{[%clk 0:16:38]} Bd8 {[%clk 0:22:39]} 24. Ne4 {[%clk 0:05:33]} Bxe4
{[%clk 0:22:56]} 25. Rxe4 {[%clk 0:06:02]} f5 {[%clk 0:22:48]} 26. Re1
{[%clk 0:06:04]} Bb6 {[%clk 0:23:10]} 27. Nc6 {[%clk 0:03:28]} Qb7
{[%clk 0:18:12]} 28. Qh5 {[%clk 0:03:09]} Kg7 {[%clk 0:14:45]} 29. Rea1
{[%clk 0:03:31]} Rf8 {[%clk 0:13:39]} 30. Kf1 {[%clk 0:02:16]} Qd7
{[%clk 0:09:34]} 31. Qe2 {[%clk 0:01:55]} g4 {[%clk 0:09:40]} 32. h4
{[%clk 0:00:55]} g3 {[%clk 0:04:02]} 33. f3 {[%clk 0:01:09]} Qf7 {[%clk 0:04:09]}
34. Qxb5 {[%clk 0:01:06]} e4 {[%clk 0:01:41]} 35. Nd4 {[%clk 0:00:37]} Kh8
{[%clk 0:01:15]} 36. Ne6 {[%clk 0:00:50]} Rg8 {[%clk 0:00:55]} 37. Nf4
{[%clk 0:00:33]} exf3 {[%clk 0:00:53]} 38. h5 {[%clk 0:00:39]} Rae8
{[%clk 0:00:47]} 39. Rxb6 {[%clk 0:00:36]} axb6 {[%clk 0:00:47]} 40. Qxb6
{[%clk 0:00:51]} f2 {[%clk 0:00:36]} 41. Qxd6 {[%clk 0:01:04]} Kh7
{[%clk 0:00:45]} 42. Ng6 {[%clk 0:00:36]} f4 {[%clk 0:00:33]} 43. Nxf4
{[%clk 0:00:36]} Rg4 {[%clk 0:00:40]} 44. Ne2 {[%clk 0:00:34]} Rge4
{[%clk 0:00:52]} 45. Qg6+ {[%clk 0:00:37]} Qxg6 {[%clk 0:01:09]} 46. hxg6+
{[%clk 0:01:06]} Kg8 {[%clk 0:01:18]} 47. Nxg3 {[%clk 0:00:57]} Re1+
{[%clk 0:01:46]} 48. Kxf2 {[%clk 0:01:20]} Rxa1 {[%clk 0:02:12]} 49. Nh5
{[%clk 0:01:34]} Ra6 {[%clk 0:02:01]} 50. Nf4 {[%clk 0:01:46]} Ra2
{[%clk 0:02:10]} 51. Nd3 {[%clk 0:02:11]} Kg7 {[%clk 0:02:34]} 52. c4
{[%clk 0:02:36]} Kxg6 {[%clk 0:02:44]} 53. d6 {[%clk 0:03:00]} Kf5
{[%clk 0:02:50]} 54. Kf3 {[%clk 0:03:24]} Ra1 {[%clk 0:02:39]} 55. g4+
{[%clk 0:03:27]} Ke6 {[%clk 0:02:48]} 56. c5 {[%clk 0:03:53]} Kd5
{[%clk 0:02:33]} 57. b4 {[%clk 0:04:19]} Rf1+ {[%clk 0:02:18]} 58. Kg2
{[%clk 0:04:41]} Rd1 {[%clk 0:02:37]} 0-1

[Event "Capital"]
[Site "?"]
[Date "2015.09.13"]
[Round "6.5"]
[White "Mahdavirad, Mehdi"]
[Black "Ghorbani, Hadi"]
[Result "1/2-1/2"]
[BlackElo "2084"]
[WhiteElo "2271"]
[LiveChessVersion "1.4.6"]

1. c4 {[%clk 1:29:27]} Nf6 {[%clk 1:28:59]} 2. Nf3 {[%clk 1:28:50]} c6
{[%clk 1:29:11]} 3. b3 {[%clk 1:27:25]} d5 {[%clk 1:28:44]} 4. e3
{[%clk 1:27:53]} Bf5 {[%clk 1:28:53]} 5. Bb2 {[%clk 1:27:58]} e6 {[%clk 1:29:14]}
6. Be2 {[%clk 1:27:39]} h6 {[%clk 1:29:30]} 7. O-O {[%clk 1:28:07]} Bd6
{[%clk 1:29:49]} 8. d3 {[%clk 1:25:09]} O-O {[%clk 1:29:36]} 9. Nbd2
{[%clk 1:23:24]} Bh7 {[%clk 1:29:56]} 10. Re1 {[%clk 1:20:51]} Qe7
{[%clk 1:29:44]} 11. a3 {[%clk 1:18:48]} a5 {[%clk 1:27:20]} 12. Bf1
{[%clk 1:15:10]} e5 {[%clk 1:24:34]} 13. e4 {[%clk 1:09:26]} dxe4
{[%clk 1:22:53]} 14. dxe4 {[%clk 1:06:59]} Nbd7 {[%clk 1:20:24]} 15. Nh4
{[%clk 1:00:11]} Bc5 {[%clk 1:17:32]} 16. Nf5 {[%clk 0:57:08]} Qd8
{[%clk 1:12:50]} 17. Qf3 {[%clk 0:51:14]} Qb6 {[%clk 1:11:54]} 18. Rab1
{[%clk 0:47:22]} Rfe8 {[%clk 1:06:07]} 19. Bd3 {[%clk 0:37:12]} Rad8
{[%clk 1:05:29]} 20. Bc2 {[%clk 0:36:28]} Bxf5 {[%clk 0:59:15]} 21. exf5
{[%clk 0:34:29]} Bd4 {[%clk 0:52:44]} 22. Bc1 {[%clk 0:30:03]} Nf8
{[%clk 0:49:39]} 23. Nf1 {[%clk 0:24:37]} N8h7 {[%clk 0:41:40]} 24. b4
{[%clk 0:18:55]} axb4 {[%clk 0:37:11]} 25. axb4 {[%clk 0:19:06]} c5
{[%clk 0:34:10]} 26. bxc5 {[%clk 0:16:13]} Qxc5 {[%clk 0:34:34]} 27. Rxb7
{[%clk 0:16:40]} Rb8 {[%clk 0:34:56]} 28. Rxb8 {[%clk 0:14:13]} Rxb8
{[%clk 0:35:19]} 29. Qe2 {[%clk 0:10:43]} Rc8 {[%clk 0:31:40]} 30. Ne3
{[%clk 0:05:08]} Bxe3 {[%clk 0:29:43]} 31. Bxe3 {[%clk 0:05:04]} Qxc4
{[%clk 0:30:06]} 32. Qxc4 {[%clk 0:03:07]} Rxc4 {[%clk 0:30:30]} 33. Bb3
{[%clk 0:03:11]} Rb4 {[%clk 0:30:49]} 34. Ba2 {[%clk 0:03:22]} Rb2
{[%clk 0:30:38]} 35. Ra1 {[%clk 0:02:33]} Ne8 {[%clk 0:28:04]} 36. h3
{[%clk 0:01:46]} Nhf6 {[%clk 0:27:59]} 37. g4 {[%clk 0:01:47]} Nd6
{[%clk 0:27:34]} 38. Rd1 {[%clk 0:01:16]} Rxa2 {[%clk 0:27:15]} 39. Rxd6
{[%clk 0:01:39]} Ne4 {[%clk 0:26:08]} 40. Rd8+ {[%clk 0:01:43]} Kh7
{[%clk 0:26:29]} 41. Re8 {[%clk 0:01:45]} 1/2-1/2

[Event "Capital"]
[Site "?"]
[Date "2015.09.13"]
[Round "6.6"]
[White "Bagheri, Maziar"]
[Black "Gholami Orimi, Mahdi"]
[Result "1/2-1/2"]
[BlackElo "2058"]
[WhiteElo "2252"]
[LiveChessVersion "1.4.6"]

1. Nf3 {[%clk 1:26:12]} Nf6 {[%clk 1:30:45]} 2. c4 {[%clk 1:26:30]} e6
{[%clk 1:31:04]} 3. Nc3 {[%clk 1:26:55]} d5 {[%clk 1:31:21]} 4. d4
{[%clk 1:27:20]} dxc4 {[%clk 1:31:39]} 5. e4 {[%clk 1:27:04]} Bb4
{[%clk 1:31:58]} 6. Bxc4 {[%clk 1:27:27]} Nxe4 {[%clk 1:26:33]} 7. O-O
{[%clk 1:26:22]} Nxc3 {[%clk 1:21:43]} 8. bxc3 {[%clk 1:26:31]} Bxc3
{[%clk 1:21:01]} 9. Rb1 {[%clk 1:24:46]} O-O {[%clk 1:20:38]} 10. Qd3
{[%clk 1:06:37]} Ba5 {[%clk 1:04:25]} 11. Rb5 {[%clk 0:58:37]} Nc6
{[%clk 0:58:02]} 12. Ba3 {[%clk 0:33:38]} h6 {[%clk 0:54:35]} 13. Bxf8
{[%clk 0:32:22]} Qxf8 {[%clk 0:55:02]} 14. Ne5 {[%clk 0:28:43]} a6
{[%clk 0:50:16]} 15. Rbb1 {[%clk 0:27:59]} Nxe5 {[%clk 0:48:52]} 16. dxe5
{[%clk 0:28:11]} b5 {[%clk 0:48:27]} 17. Bb3 {[%clk 0:27:48]} c5 {[%clk 0:46:29]}
18. Bc2 {[%clk 0:27:20]} g6 {[%clk 0:46:17]} 19. h4 {[%clk 0:25:30]} h5
{[%clk 0:38:40]} 20. Qa3 {[%clk 0:22:55]} Bb4 {[%clk 0:31:22]} 21. Qf3
{[%clk 0:23:07]} Rb8 {[%clk 0:31:11]} 22. Be4 {[%clk 0:23:27]} Qg7
{[%clk 0:30:00]} 23. Rbd1 {[%clk 0:21:05]} Ba5 {[%clk 0:29:37]} 24. Qa3
{[%clk 0:17:51]} Bb6 {[%clk 0:21:33]} 25. f4 {[%clk 0:17:23]} Qf8
{[%clk 0:20:57]} 26. Kh2 {[%clk 0:14:44]} c4 {[%clk 0:20:37]} 27. Qg3
{[%clk 0:11:06]} Kh8 {[%clk 0:16:17]} 28. Qg5 {[%clk 0:09:27]} Bb7
{[%clk 0:14:31]} 29. Bxb7 {[%clk 0:08:54]} Rxb7 {[%clk 0:14:59]} 30. Rd6
{[%clk 0:09:07]} b4 {[%clk 0:14:00]} 31. Rfd1 {[%clk 0:09:08]} Kh7
{[%clk 0:14:02]} 32. Rc6 {[%clk 0:08:16]} c3 {[%clk 0:14:13]} 33. f5
{[%clk 0:02:57]} gxf5 {[%clk 0:08:35]} 34. Rxb6 {[%clk 0:02:42]} Rxb6
{[%clk 0:07:05]} 35. Rd8 {[%clk 0:03:06]} Qxd8 {[%clk 0:07:26]} 36. Qxd8
{[%clk 0:03:30]} Rb5 {[%clk 0:07:29]} 37. Kg3 {[%clk 0:02:52]} Rxe5
{[%clk 0:05:07]} 38. Qc7 {[%clk 0:03:02]} f4+ {[%clk 0:05:23]} 39. Kxf4
{[%clk 0:02:27]} Rf5+ {[%clk 0:05:52]} 40. Ke3 {[%clk 0:02:36]} a5
{[%clk 0:06:15]} 41. Qc4 {[%clk 0:02:11]} Re5+ {[%clk 0:06:04]} 42. Kf3
{[%clk 0:02:17]} Rf5+ {[%clk 0:05:36]} 43. Kg3 {[%clk 0:02:46]} e5
{[%clk 0:05:23]} 44. Qd3 {[%clk 0:02:03]} Kg6 {[%clk 0:04:43]} 45. Qa6+
{[%clk 0:02:32]} f6 {[%clk 0:04:44]} 46. Qxa5 {[%clk 0:02:47]} Rf4
{[%clk 0:05:09]} 47. Qc5 {[%clk 0:01:48]} Rd4 {[%clk 0:02:42]} 48. Kh3
{[%clk 0:02:10]} Kf5 {[%clk 0:02:07]} 49. g3 {[%clk 0:01:57]} Ke4
{[%clk 0:01:53]} 50. a4 {[%clk 0:01:46]} Kd3 {[%clk 0:01:38]} 51. a5
{[%clk 0:01:35]} b3 {[%clk 0:00:58]} 52. a6 {[%clk 0:01:10]} b2 53. Qb5+ 1/2-1/2